000 00667pam a2200205 a 4500
001 2925438
005 20240328065439.0
008 890720s1990 ii b 001 0 eng
020 _a0803996225
020 _a0803996233 (pbk.)
040 _aDLC
_cDLC
_dDLC
082 0 0 _a327.
_220
_bSOU.
245 0 0 _aSouth Asian strategic issues :
_bSri Lankan perspectives /
_cShelton U. Kodikara.
260 _aNew Delhi ;
_bSage Publications,
_c1990.
300 _a204 p. ;
700 1 _aKodikara, Shelton U.
_eedt
856 4 2 _uhttp://www.loc.gov/catdir/enhancements/fy0657/89010677-d.html
856 4 1 _uhttp://www.loc.gov/catdir/enhancements/fy0657/89010677-t.html
942 _cL
999 _c624
_d624